<?xml version="1.0" encoding="UTF-8"?>
<collection xmlns="http://www.loc.gov/MARC21/slim">
<record>
  <controlfield tag="001">171699</controlfield>
  <controlfield tag="005">20260601112334.0</controlfield>
  <datafield tag="037" ind1=" " ind2=" ">
    <subfield code="a">TESIS-2026-070</subfield>
  </datafield>
  <datafield tag="041" ind1=" " ind2=" ">
    <subfield code="a">spa</subfield>
  </datafield>
  <datafield tag="100" ind1="1" ind2=" ">
    <subfield code="a">Vidao Teruel, Blanca Iris</subfield>
  </datafield>
  <datafield tag="245" ind1="0" ind2="0">
    <subfield code="a">El impacto de la pandemia de COVID-19 en los Pirineos centrales: ¿Una oportunidad para la transición turística sostenible en los destinos de montaña europeos? </subfield>
  </datafield>
  <datafield tag="260" ind1=" " ind2=" ">
    <subfield code="a">Zaragoza</subfield>
    <subfield code="b">Universidad de Zaragoza, Prensas de la Universidad</subfield>
    <subfield code="c">2026</subfield>
  </datafield>
  <datafield tag="300" ind1=" " ind2=" ">
    <subfield code="a">13</subfield>
  </datafield>
  <datafield tag="490" ind1="0" ind2=" ">
    <subfield code="a">Tesis de la Universidad de Zaragoza</subfield>
    <subfield code="x">2254-7606</subfield>
    <subfield code="v">2026-70</subfield>
  </datafield>
  <datafield tag="500" ind1=" " ind2=" ">
    <subfield code="a">Presentado:  27 01 2026</subfield>
  </datafield>
  <datafield tag="502" ind1=" " ind2=" ">
    <subfield code="a">Tesis-Univ. Zaragoza,  , 2026</subfield>
    <subfield code="b">Zaragoza, Universidad de Zaragoza</subfield>
    <subfield code="c">2026</subfield>
  </datafield>
  <datafield tag="520" ind1=" " ind2=" ">
    <subfield code="a">Teniendo en cuenta el contexto de la crisis sanitaria y las características específicas del destino turístico antes, durante y después del periodo de la COVID-19, esta investigación pretende comprender los impactos sociales —socioculturales, socioeconómicos y socioecológicos— de la pandemia de COVID-19 en el sector turístico mundial y, en concreto, en el turismo en los Pirineos centrales a través de las ciencias sociales, vinculando las relaciones existentes entre el turismo de montaña y el turismo transfronterizo en el marco del desarrollo sostenible. Para ello, se utiliza la triangulación metodológica para analizar el fenómeno desde la perspectiva de la oferta y la demanda turística. Por último, se desarrollan una serie de propuestas dirigidas a la recuperación, la planificación y la gestión responsable del destino turístico.                                                                                                                                                                              &lt;br /></subfield>
  </datafield>
  <datafield tag="506" ind1=" " ind2=" ">
    <subfield code="a">by-nc-nd</subfield>
    <subfield code="b">Creative Commons</subfield>
    <subfield code="c">3.0</subfield>
    <subfield code="u">http://creativecommons.org/licenses/by-nc-nd/3.0/es</subfield>
  </datafield>
  <datafield tag="520" ind1=" " ind2=" ">
    <subfield code="a">&lt;br /></subfield>
  </datafield>
  <datafield tag="521" ind1=" " ind2=" ">
    <subfield code="9">7095</subfield>
    <subfield code="a">Programa de Doctorado en Sociología de las Políticas Públicas y Sociales</subfield>
  </datafield>
  <datafield tag="653" ind1="1" ind2=" ">
    <subfield code="a">covid-19</subfield>
  </datafield>
  <datafield tag="653" ind1="1" ind2=" ">
    <subfield code="a">pirineos centrales </subfield>
  </datafield>
  <datafield tag="653" ind1="1" ind2=" ">
    <subfield code="a">turismo de montaña </subfield>
  </datafield>
  <datafield tag="653" ind1="1" ind2=" ">
    <subfield code="a">turismo transfronterizo</subfield>
  </datafield>
  <datafield tag="653" ind1="1" ind2=" ">
    <subfield code="a">impactos sociales</subfield>
  </datafield>
  <datafield tag="653" ind1="1" ind2=" ">
    <subfield code="a">desarrollo sostenible</subfield>
  </datafield>
  <datafield tag="700" ind1=" " ind2=" ">
    <subfield code="a">Iñiguez Berrozpe, Tatiana 	</subfield>
    <subfield code="e">dir.</subfield>
  </datafield>
  <datafield tag="700" ind1=" " ind2=" ">
    <subfield code="a">Elboj Saso, Carmen María </subfield>
    <subfield code="e">dir.</subfield>
  </datafield>
  <datafield tag="710" ind1="2" ind2=" ">
    <subfield code="a">Universidad de Zaragoza</subfield>
    <subfield code="b"> </subfield>
  </datafield>
  <datafield tag="830" ind1=" " ind2=" ">
    <subfield code="9">507</subfield>
  </datafield>
  <datafield tag="856" ind1="0" ind2=" ">
    <subfield code="f">cdeurop@unizar.es</subfield>
  </datafield>
  <datafield tag="856" ind1="4" ind2=" ">
    <subfield code="u">http://zaguan.unizar.es/record/171699/files/TESIS-2026-070.pdf</subfield>
    <subfield code="z">Texto completo (spa)</subfield>
    <subfield code="s">676561</subfield>
  </datafield>
  <datafield tag="909" ind1="C" ind2="O">
    <subfield code="o">oai:zaguan.unizar.es:171699</subfield>
    <subfield code="p">driver</subfield>
    <subfield code="p">tesis</subfield>
  </datafield>
  <datafield tag="910" ind1="2" ind2=" ">
    <subfield code="a">Ciencias Sociales y jurídicas</subfield>
    <subfield code="b"> </subfield>
  </datafield>
  <datafield tag="691" ind1=" " ind2=" ">
    <subfield code="a">11 12 17</subfield>
  </datafield>
  <datafield tag="692" ind1=" " ind2=" ">
    <subfield code="a">Conseguir que las ciudades y los asentamientos humanos sean inclusivos, seguros, resilientes y sostenibles.	 Garantizar las pautas de consumo y de producción sostenibles.	 Fortalecer los medios de ejecución y reavivar la alianza mundial para el desarrollo sostenible.</subfield>
  </datafield>
  <datafield tag="540" ind1=" " ind2=" ">
    <subfield code="9">info:eu-repo/semantics/openAccess</subfield>
  </datafield>
  <datafield tag="980" ind1=" " ind2=" ">
    <subfield code="a">TESIS</subfield>
  </datafield>
</record>
</collection>